[Event "Belgrade GMA op"]
[Site "Belgrade"]
[Date "1988.??.??"]
[Round "?"]
[White "Rashkovsky, Nukhim N"]
[Black "Chernin, Alexander"]
[Result "0-1"]
[WhiteElo "2500"]
[BlackElo "2565"]
[Annotator "Chernin,A"]
[PlyCount "82"]
[EventDate "1988.12.??"]
[EventType "swiss"]
[EventRounds "9"]
[EventCountry "YUG"]
[SourceTitle "TD"]
[Source "ChessBase"]
[SourceDate "1994.03.01"]
[SourceVersion "1"]
[SourceVersionDate "1994.03.01"]
[SourceQuality "1"]

1. d4 Nf6 2. c4 e6 3. Nf3 b6 4. Nc3 Bb7 5. a3 d5 6. cxd5 Nxd5 7. Qc2 c5 8. e4
Nxc3 9. bxc3 Nd7 10. Bf4 cxd4 11. cxd4 Rc8 12. Qb3 Be7 13. Bd3 Nf6 14. Qb5+ Qd7
15. Ne5 Qxb5 16. Bxb5+ Kf8 17. f3 Ne8 18. Nd7+ Kg8 19. O-O g5 20. Bg3 Kg7 21.
a4 Nd6 $1 22. Be5+ f6 23. Bxd6 Bxd6 24. a5 a6 25. axb6 $1 $8 {[%mdl 4096]} (25.
Bd3 b5 $17) 25... axb5 26. Ra7 Rb8 27. Rc1 $1 (27. Nxb8 Rxb8 28. Rc1 Kg6 29.
Rc7 $2 b4 $1) 27... b4 28. e5 $1 (28. Nxb8 Rxb8 29. Kf2 $13) 28... fxe5 $2 (
28... Be7 $3 29. Nxb8 (29. Nc5 Rhc8 $1) 29... Rxb8 30. Rc7 b3 31. Rxe7+ Kf8 32.
Rxh7 Kg8 $1 (32... b2 33. Rh8+ Kg7 34. Rxb8 b1=Q+ 35. Kf2 $16) 33. Rhxb7 Rxb7
34. Ra1 fxe5 35. dxe5 Rxb6 $10) 29. dxe5 Be7 30. Nxb8 Rxb8 31. Rc7 b3 32. Rc3
$4 (32. Rxe7+ $1 Kf8 (32... Kg6 33. Ra1) 33. Rd7 b2 34. Rd1 Rc8 35. Kf2 Rc1 (
35... Rc2+ 36. Kg3 Rc1 37. Rd8+ Kg7 $8 38. Rxb7+ Kg6 39. Rf8 b1=Q 40. Rf6+ Kh5
41. Kh3 $1 {/\ g4+-}) 36. Rd8+ Kf7 (36... Ke7 37. Rb8 Kd7 38. Rbxb7+ Kc8 (38...
Kc6 39. Rc7+ Kd5 40. Ra5+ Kd4 41. Rb5 $18) 39. Rxh7 Kb8 40. Rab7+ Ka8 41. Rbd7
Kb8 42. b7 $18) 37. Rxb7+ Kg6 38. Rf8 Rf1+ (38... Rc2+ 39. Ke3 $1 Rc3+ 40. Ke2
$1 Rc2+ 41. Kd3 $1 Rxg2 42. Rf6+ Kh5 43. Rxh7#) 39. Kg3 Rxf3+ 40. Kxf3 $1 b1=Q
41. Rf6+ Kh5 42. g4+ Kh4 43. Rh6#) 32... Kg6 $2 (32... b2 {>=} 33. Rb3 Bc5+ 34.
Kf1 Bd4 $19) 33. Rxb3 Bc5+ $17 34. Kf1 (34. Kh1 {>=}) 34... Bd5 35. Rb1 Bc4+
36. Ke1 Bxb6 37. Raa1 $8 g4 $1 38. fxg4 Rf8 39. Kd2 Bd4 40. Ra4 Rf2+ 41. Kd1
Bd3 (41... Bd3 42. Rc1 Be3 {Chernin}) 0-1

[Event "URS-ch51 Final"]
[Site "Lvov"]
[Date "1984.04.21"]
[Round "13"]
[White "Psakhis, Lev"]
[Black "Lerner, Konstantin Z"]
[Result "1/2-1/2"]
[WhiteElo "2535"]
[BlackElo "2485"]
[Annotator "ChessBase"]
[PlyCount "91"]
[EventDate "1984.04.03"]
[EventType "tourn"]
[EventRounds "17"]
[EventCountry "URS"]
[EventCategory "10"]
[SourceTitle "URS-ch"]
[Source "ChessBase"]
[SourceDate "1999.07.01"]
[SourceVersion "1"]
[SourceVersionDate "1999.07.01"]
[SourceQuality "1"]

1. d4 Nf6 2. c4 e6 3. Nf3 b6 4. Nc3 Bb7 5. Bg5 Be7 6. Qc2 c5 7. dxc5 bxc5 8. e3
d6 9. Rd1 Nbd7 10. Be2 O-O 11. O-O Qb6 12. Rd2 Rfd8 13. h3 Nf8 14. Bf4 Ng6 15.
Bg3 Rd7 16. Rfd1 Rad8 17. Ne1 Ne5 18. Bxe5 $6 (18. f4 Ng6 19. f5 exf5 20. Qxf5
Re8 21. Qf2 Bf8 22. Bf3 Qb4 $11) (18. a3 Qa6 19. Rb1 Qc6 $11) 18... dxe5 19.
Rxd7 Rxd7 20. Rxd7 Nxd7 21. Bf3 $11 Bc8 22. Nd3 g6 (22... f5 $1) 23. Qa4 f6 (
23... Qd6 24. Qc6 Ba6 $11) 24. Qc6 $14 Qxc6 25. Bxc6 Nb8 26. Bb5 a6 27. Ba4 Bd7
28. f3 Bxa4 29. Nxa4 Nd7 30. a3 Kf7 31. Kf2 Ke8 32. Ke2 Kd8 33. b4 cxb4 34.
axb4 Kc7 35. Kd2 Kc8 36. Kc3 h5 37. Kb3 Bd6 38. c5 Bf8 39. Kc4 Bh6 40. e4 Bd2
41. Kb3 Nb8 42. Kc4 a5 43. bxa5 Bxa5 44. Kb3 Na6 45. g4 hxg4 46. fxg4 1/2-1/2

[Event "Muenster op"]
[Site "Muenster"]
[Date "1993.??.??"]
[Round "9"]
[White "Miles, Anthony John"]
[Black "Arkhipov, Sergey"]
[Result "1-0"]
[WhiteElo "2565"]
[BlackElo "2520"]
[Annotator "ChessBase"]
[PlyCount "107"]
[EventDate "1993.10.??"]
[EventType "swiss"]
[EventRounds "9"]
[EventCountry "GER"]
[SourceTitle "EXT 1999"]
[Source "ChessBase"]
[SourceDate "1998.11.16"]
[SourceVersion "1"]
[SourceVersionDate "1998.11.16"]
[SourceQuality "1"]

{Miles,A.} 1. d4 Nf6 2. Nf3 b6 3. c4 e6 4. Nc3 Bb4 5. Qb3 a5 {5...c5} 6. Bg5
Bb7 7. e3 Qe7 (7... h6 8. Bh4 g5 9. Bg3 Ne4 10. Bd3 $14) 8. Qc2 {8.Ld3? a4 /\..
.a3} a4 $5 9. a3 Bxc3+ 10. bxc3 $1 {xa4; 10.Dxc3 Se4!+=} Be4 11. Qb2 h6 12. Bh4
O-O 13. Nd2 Bh7 14. f3 e5 15. e4 Nc6 16. Be2 {/\Sf1-e3-d5} d6 17. Nf1 g5 18.
Bf2 Nh5 19. Ne3 Nf4 20. Nd5 $1 Qd8 (20... Nxd5 21. cxd5 $16) 21. g4 $1 {xf5}
Bg6 22. O-O-O f6 23. h4 Kg7 24. Rh2 Rh8 25. Rdh1 Na5 26. hxg5 fxg5 27. Kb1 Qd7
28. Rd1 $1 Qf7 29. dxe5 dxe5 30. Nxf4 gxf4 (30... exf4 $2 31. Bd4+ $18) (30...
Qxf4 31. Rd7+) 31. Qb5 $1 {xe5, xd7} Qe6 {>=...The8} 32. Rd7+ Bf7 33. Rh5 $1 c5
(33... Nc6 34. Qd5 $1 $18) 34. Rxe5 $1 $18 Qc6 (34... Qxe5 35. Bd4 $18) 35.
Ree7 Rhf8 36. e5 Kg8 $8 37. Rd6 $1 (37. e6 Bg6+ 38. Kb2 Rf6 $132) 37... Qxb5+
38. cxb5 Rfe8 (38... Rad8 39. Bh4 $1) 39. Bh4 Rxe7 40. Bxe7 Bc4 $1 41. Bd1 $1
Bb3 42. Bxb3+ axb3 43. Rxb6 $1 (43. Rd8+ Rxd8 44. Bxd8 Nc4 45. a4 Nd2+ 46. Kb2
Nxf3 47. Bxb6 Nxe5 $132) 43... Nc4 44. Ra6 $1 Re8 45. Bd6 {/\b6-b7} Kf7 46. b6
h5 47. b7 hxg4 48. b8=Q Rxb8 49. Bxb8 g3 50. e6+ Kg7 51. Bxf4 g2 52. Bh2 Nd2+
53. Kb2 Nxf3 54. e7 (54. e7 Kf7 55. Rf6+ Kxf6 56. e8=Q Nxh2 57. Qh8+) 1-0

[Event "Bern"]
[Site "Bern"]
[Date "1989.??.??"]
[Round "?"]
[White "Cebalo, Miso"]
[Black "Gurevich, Mikhail"]
[Result "0-1"]
[WhiteElo "2505"]
[BlackElo "2590"]
[Annotator "ChessBase"]
[PlyCount "60"]
[EventDate "1989.02.??"]
[EventType "tourn"]
[EventRounds "11"]
[EventCountry "SUI"]
[EventCategory "7"]
[SourceTitle "CBM 011"]
[Source "ChessBase"]
[SourceDate "1989.08.01"]
[SourceVersion "1"]
[SourceVersionDate "1989.08.01"]
[SourceQuality "1"]

1. d4 Nf6 2. Nf3 e6 3. c4 b6 4. a3 Bb7 5. Nc3 d5 6. cxd5 Nxd5 7. Qc2 Nxc3 8.
bxc3 Nd7 9. e4 c5 10. Bf4 Be7 11. Bd3 Qc8 $5 {N; eine Idee ist ...Ba6} (11...
Rc8 $6 12. Qe2 cxd4 13. cxd4 O-O 14. O-O Nf6 15. Bd2 Rc7 16. a4 Qa8 17. Rfe1
Rfc8 18. a5 bxa5 19. Bxa5 Rd7 20. Bb5 Bxe4 21. Bxd7 Bxf3 22. Qxf3 Qxf3 23. gxf3
Nxd7 24. d5 $16 {Gurevich,M-Benjamin,Joe/Lugano/1988/1-0/36/}) 12. Qb1 {12.Qe2}
O-O 13. O-O Ba6 14. a4 cxd4 15. cxd4 Bxd3 $10 16. Qxd3 Qb7 17. Rfe1 (17. d5 $5
Nc5 $1 $13) 17... Nf6 18. Bg5 Rfd8 19. Rad1 Rac8 20. Ne5 $6 Nd7 $1 21. Bf4 $2 (
21. Nxd7 $1 Bxg5 22. Ne5 Bf6 23. Nf3 {=/=/+}) (21. Bxe7 $2 Nxe5 22. Qa3 $2 Nc4
$1 $19) 21... Bb4 22. Re2 Nxe5 23. Bxe5 Qc6 24. Qg3 Bf8 25. Qb3 Qc4 $1 26. Qb5
f6 27. Bf4 e5 $1 28. Be3 exd4 29. Red2 Qxb5 30. axb5 dxe3 $1 {31.Txd8 e2! -+}
0-1

[Event "URS-ch48 Final"]
[Site "Vilnius"]
[Date "1980.12.??"]
[Round "?"]
[White "Lputian, Smbat G"]
[Black "Psakhis, Lev"]
[Result "0-1"]
[WhiteElo "2445"]
[BlackElo "2535"]
[Annotator "ChessBase"]
[PlyCount "78"]
[EventDate "1980.12.25"]
[EventType "tourn"]
[EventRounds "17"]
[EventCountry "LTU"]
[EventCategory "12"]
[SourceTitle "URS-ch"]
[Source "ChessBase"]
[SourceDate "1999.07.01"]
[SourceVersion "1"]
[SourceVersionDate "1999.07.01"]
[SourceQuality "1"]

1. d4 Nf6 2. c4 e6 3. Nf3 b6 4. a3 c5 5. d5 exd5 6. cxd5 g6 7. Nc3 d6 8. e4 Bg7
9. Bf4 O-O 10. Nd2 Nh5 11. Be3 Qe7 12. Be2 f5 13. exf5 gxf5 14. O-O Nf6 15. Nc4
Ne4 $6 16. Nxe4 fxe4 17. Qd2 Nd7 18. Bg5 Nf6 19. Rfe1 (19. Rae1 $1) 19... Bb7
$2 (19... Bf5 $13) 20. Bg4 $1 Bc8 $8 21. Bxc8 Raxc8 22. a4 $16 Rce8 23. Ra3 $1
Kh8 $1 24. h3 Qd7 $5 25. Rae3 $6 (25. Bf4 $1 Nxd5 26. Bxd6 Bd4 (26... Rf5 27.
g4 $18) 27. Bxf8 Rxf8 28. Rxe4 Rxf2 29. Rxd4 Rxd2 30. Rxd2 Qe6 31. Rad3 $16)
25... Qf5 26. R3e2 Rd8 27. Rd1 (27. Bxf6 Bxf6 28. Rxe4 Bd4) 27... Rd7 $10 28.
b3 $2 Kg8 $2 (28... e3 $1 29. Qxe3 (29. Bxe3 Ne4 $19) 29... Nxd5 30. Qe6 Nc3
31. Qxf5 Nxe2+ $19) 29. Kh2 Kh8 (29... e3 30. Qxe3 Re8 (30... Nxd5 31. Qe6+ $13
) 31. Qxe8+ Nxe8 32. Rxe8+ Kf7 33. Re7+ $1 $16) 30. Kh1 Nh5 31. Rde1 Re8 32.
Kg1 Bd4 33. Be3 Bf6 34. Bh6 Rg8 35. Kh1 Bd4 36. Ne3 $2 Qf6 $1 $19 37. Ng4 Rxg4
38. hxg4 Qh4+ 39. Kg1 Ng3 0-1

[Event "ARG-ch"]
[Site "Argentina"]
[Date "1995.??.??"]
[Round "11"]
[White "Fiorito, Fabian"]
[Black "Servat, Roberto"]
[Result "1-0"]
[WhiteElo "2450"]
[BlackElo "2450"]
[Annotator "ChessBase"]
[PlyCount "33"]
[EventDate "1995.??.??"]
[EventType "tourn"]
[EventRounds "15"]
[EventCountry "ARG"]
[EventCategory "9"]
[SourceTitle "CBM 049"]
[Source "ChessBase"]
[SourceDate "1995.12.01"]
[SourceVersion "1"]
[SourceVersionDate "1995.12.01"]
[SourceQuality "1"]

1. d4 Nf6 2. c4 e6 3. Nf3 b6 4. Nc3 Bb7 5. Bg5 Be7 6. e3 h6 7. Bh4 Ne4 8. Bg3
O-O 9. Bd3 d5 10. cxd5 exd5 11. Qc2 Re8 12. Ne5 Nxg3 13. hxg3 Nc6 14. Bb5 Nb4
15. Qf5 Rf8 16. a3 Na6 17. Bc6 $1 (17. Bc6 Bxc6 18. Nxc6 Qd6 19. Nxd5 Qxc6 $2
20. Nxe7+) 1-0

[Event "Hoogovens"]
[Site "Wijk aan Zee"]
[Date "1997.01.30"]
[Round "10"]
[White "Piket, Jeroen"]
[Black "Granda Zuniga, Julio E"]
[Result "1/2-1/2"]
[WhiteElo "2640"]
[BlackElo "2620"]
[Annotator "ChessBase"]
[PlyCount "99"]
[EventDate "1997.01.18"]
[EventType "tourn"]
[EventRounds "13"]
[EventCountry "NED"]
[EventCategory "16"]
[SourceTitle "CBM 057"]
[Source "ChessBase"]
[SourceDate "1997.04.01"]
[SourceVersion "1"]
[SourceVersionDate "1997.04.01"]
[SourceQuality "1"]

1. d4 {Piket gewann NICHT eine gewonne Partie.} Nf6 2. c4 e6 3. Nf3 b6 4. a3
Ba6 5. Qc2 Bb7 6. Nc3 c5 7. e4 cxd4 8. Nxd4 Bc5 9. Nb3 Nc6 10. Bg5 h6 11. Bh4
O-O (11... a6 12. Rd1 Be7 13. Be2 O-O 14. O-O Qc7 15. Bg3 d6 16. Nd5 exd5 17.
cxd5 Nxe4 18. Qxe4 Nd8 19. Nd4 g6 20. Rc1 Qd7 21. Nc6 Bg5 22. f4 f5 23. Qb4 Bf6
24. Qxb6 Qg7 25. Bf2 Bxc6 26. dxc6 Kh8 27. c7 Ne6 28. Qxd6 Qe7 29. Qxe7 Bxe7
30. Bxa6 Rxa6 31. c8=Q Rxc8 32. Rxc8+ Kg7 33. Re1 Bf6 34. Rb8 Nxf4 35. Rb7+ {
1-0 Muse,M-Ilijin,N/Banja Vrucica 1987}) (11... d6 12. O-O-O Qe7 13. Be2 g5 14.
Bg3 e5 15. Nd5 Nxd5 16. cxd5 Nd4 17. Nxd4 Bxd4 18. Rxd4 exd4 19. Qa4+ Kf8 20.
Qxd4 f6 21. h4 Kg7 22. Kb1 Rae8 23. Bd3 Qd7 24. f3 Rc8 25. Qb4 Rcd8 26. Bf2 Qe7
27. Bd4 Kf7 28. Qd2 Rdg8 29. Qf2 Qd7 30. Ka2 Qe7 31. Rh2 Ke8 32. Qd2 Kf7 33.
Qc1 Qd8 34. g4 Qe7 35. Kb1 Qd8 36. Rc2 Re8 37. Bb5 Re7 38. Rh2 Rg8 39. hxg5
hxg5 40. Qh1 Qf8 41. Rh7+ {1-0 Gurevich,M-Lerner,K/Moscow-A 1987}) (11... g5
12. Bg3 e5 13. Nb5 Kf8 14. O-O-O Qe7 15. Nxc5 bxc5 16. Nd6 Rb8 17. Nf5 Qe8 18.
Rd6 Nh5 19. Qd1 Nf4 20. Bxf4 exf4 21. Qh5 Qe5 22. Rxh6 Rg8 23. Rh7 Nd8 24. Qh6+
Ke8 25. Rg7 Rf8 26. Rxg5 Qc7 27. Nd6+ Ke7 28. e5 {1-0 Klebel,M-Ploetz,W/BL2-S
1994}) (11... Nd4 12. Nxd4 Bxd4 13. O-O-O Bxc3 14. Qxc3 Bxe4 15. Rd4 Bf5 16. g4
Bg6 17. f4 Rc8 18. f5 Bh7 19. Rg1 Ne4 20. Qe1 Ng5 21. Qd1 O-O 22. Bg3 exf5 23.
gxf5 Bxf5 24. Bd3 Bxd3 25. Qxd3 b5 26. Kb1 bxc4 27. Qc3 Qf6 28. Rgd1 d5 29.
Rxd5 Qxc3 30. bxc3 Rfe8 31. Rd7 Ne4 32. Be1 Rb8+ 33. Kc2 Nc5 34. R7d4 Nd3 {
0-1 Tukmakov,V-Grosar,A/Geneva op 1996}) 12. O-O-O (12. Rd1 Be7 13. Be2 Rc8 14.
Bg3 e5 (14... a6 15. Qd3 Nb8 16. O-O b5 17. c5 Bc6 18. Bf3 Nh7 19. Nd5 Bh4 20.
Nb6 Bxg3 21. Nxc8 Be5 22. Nd6 Ng5 23. Nd2 Bxb2 24. Be2 Qa5 25. f4 Nh7 26. Nb1
e5 27. Qb3 Bd4+ 28. Rxd4 exd4 29. Nxf7 Rxf7 30. Bh5 d5 31. cxd6 Be8 32. e5 Qa4
33. Qxa4 bxa4 34. Bxf7+ Kxf7 35. f5 Bb5 36. Rc1 Nc6 37. e6+ Kf6 38. Nd2 Ng5 39.
Re1 d3 40. h4 Nh7 41. g4 Nb8 42. Rb1 {1-0 Cramling,P-Sjoberg,M/Katrineholm 1995
}) (14... Ba6 15. e5 Ne8 16. Ne4 Bh4 17. Qc3 Bxg3 18. hxg3 f5 19. exf6 Nxf6 20.
Nd6 Rc7 21. Nd4 Nxd4 22. Qxd4 Ne8 23. Rh4 Qe7 24. b3 Nxd6 25. Qxd6 Qxd6 26.
Rxd6 Kf7 27. Rf4+ Ke7 28. Rxf8 Kxf8 {1/2-1/2 Petrosian,A-Tal,M/Jurmala 1983})
15. O-O Bc5 16. Qd3 Qe7 17. Kh1 Nd4 18. Na1 Nxe2 19. Qxe2 Bd4 20. Nd5 Nxd5 21.
cxd5 Qc5 22. Nb3 Qc4 23. Nxd4 exd4 24. Qg4 f5 25. exf5 Qxd5 26. f3 d3 27. Rfe1
Rxf5 28. Kg1 Rf7 29. Rd2 Ba6 30. Qe4 Qxe4 31. Rxe4 Rc2 32. Be1 d5 33. Re8+ Kh7
34. Kf2 Rfc7 35. Ke3 Rxd2 36. Bxd2 Rc2 37. Rd8 Rxb2 38. Rxd5 Rb5 39. Rxd3 Re5+
40. Kf4 Re2 41. Rd7 Bb5 42. Rd5 Rxg2 43. Bc3 Ba4 44. h4 {1/2-1/2 Babu,
N-Mithrakanth,P/IND-ch 1988}) 12... Be7 13. Be2 Rc8 14. Bg3 Ba6 15. Kb1 Ne8 16.
Rd2 Bh4 17. f4 Nb8 18. e5 Bxc4 19. Bxc4 Rxc4 20. Qd3 Rc8 21. Nd4 f5 22. Qf3 Nc7
23. Rhd1 Bxg3 24. hxg3 Qe8 25. Ndb5 Nxb5 26. Nxb5 Rc5 27. Nxa7 d5 28. exd6 Qd7
29. b4 Rc4 30. Qd3 b5 31. Nxb5 Qxb5 32. Rc2 Rfc8 33. d7 Nxd7 34. Rxc4 Rxc4 35.
Qxd7 Rc6 $18 36. Qd3 Qb7 37. Rc1 Rb6 38. Rc2 Kh7 39. g4 Rb5 40. gxf5 exf5 41.
Kb2 Rd5 42. Qc4 Qf7 43. Ka2 Qd7 44. g3 Rd4 45. Qc6 Qf7+ 46. Kb2 Rd3 47. Rc3
Rd2+ 48. Rc2 Rd3 49. Rc3 Rd2+ 50. Rc2 1/2-1/2

[Event "Montreal International"]
[Site "Montreal"]
[Date "1979.04.28"]
[Round "13"]
[White "Spassky, Boris Vasilievich"]
[Black "Karpov, Anatoly"]
[Result "0-1"]
[WhiteElo "2640"]
[BlackElo "2705"]
[Annotator "ChessBase"]
[PlyCount "84"]
[EventDate "1979.04.11"]
[EventType "tourn"]
[EventRounds "18"]
[EventCountry "CAN"]
[EventCategory "15"]
[SourceTitle "MCL"]
[Source "ChessBase"]
[SourceDate "1999.07.01"]
[SourceVersion "1"]
[SourceVersionDate "1999.07.01"]
[SourceQuality "1"]

1. d4 Nf6 2. c4 e6 3. Nf3 b6 4. Bf4 Bb7 5. e3 Be7 (5... Bb4+ 6. Nfd2 O-O 7. a3)
6. Nc3 (6. h3 O-O (6... Ne4 7. Nbd2 f5 8. Nxe4 fxe4 9. Nd2 O-O 10. Qc2 {
Lputian,S-Lerner,K/URS/1979/1-0/56/}) 7. Nc3 d5 8. cxd5 exd5 9. Bd3 c5 10. O-O
Nc6 11. Ne5 c4 (11... a6 12. Qf3 Re8 13. Rad1 cxd4 14. Nxc6 Bxc6 15. exd4 b5
16. a3 Ne4 17. Bb1 Qb6 18. Rfe1 {Miles,A-Spassky,B/Buenos Aires ol/1980/1-0/41/
}) 12. Bc2 a6 13. g4 b5 14. g5 Ne8 15. Qg4 g6 16. Rad1 Ng7 17. h4 {Miles,
A-Spassky,B/Montilla/1978/1-0/28/}) 6... Nh5 $1 7. Bg3 d6 8. Bd3 Nd7 9. O-O g6
10. h3 Nxg3 11. fxg3 O-O 12. Rc1 Bf6 13. Rc2 Bg7 14. Rcf2 Qe7 15. Kh2 a6 16.
Qe2 Rae8 17. Bb1 c6 18. a3 {/\b4,Ba2} f5 19. e4 c5 20. exf5 exf5 21. Qxe7 Rxe7
22. dxc5 bxc5 $1 (22... dxc5 23. Nd5 Bxd5 24. cxd5) 23. Rd1 (23. Nd5 Bxd5 24.
cxd5 Rb8) 23... Bxc3 24. bxc3 Rf6 $1 25. Rfd2 Re3 $1 (25... Bxf3 26. gxf3 Ree6
27. Kg2 $10) (25... Ne5 26. Ng1 Rd7 27. Ne2) 26. Ng1 (26. Rxd6 Rxd6 27. Rxd6
Bxf3 28. gxf3 Ne5 29. f4 Nf3+ 30. Kg2 Rxc3 31. Rd5 Nd4 32. Rxc5 Rb3 33. Rd5
Rb2+ $19) 26... Kf7 $1 27. Rxd6 Rxd6 28. Rxd6 Ke7 29. Rd3 Re1 30. Ba2 (30. Bc2
Ne5 31. Rd2 Nxc4) 30... Rc1 $1 31. Nf3 (31. Bb3 Ne5 32. Re3 Kf6 {/\Rb1}) 31...
Bxf3 $1 32. Rxf3 Ne5 33. Re3 Kf6 34. Bb3 a5 35. Ba4 Nxc4 36. Re8 (36. Rd3 $2
Nb2) 36... Rxc3 37. Rc8 Ne3 38. Bb5 c4 (38... Rc2 39. Bc6 Nf1+ 40. Kg1 Nxg3 $19
{/\f5-f4}) 39. Kg1 Rc2 40. Bc6 c3 41. Bf3 g5 42. g4 f4 0-1

[Event "Niksic International"]
[Site "Niksic"]
[Date "1983.08.27"]
[Round "4"]
[White "Kasparov, Garry"]
[Black "Portisch, Lajos"]
[Result "1-0"]
[WhiteElo "2690"]
[BlackElo "2620"]
[Annotator "ChessBase"]
[PlyCount "69"]
[EventDate "1983.08.24"]
[EventType "tourn"]
[EventRounds "15"]
[EventCountry "YUG"]
[EventCategory "14"]
[SourceTitle "Kasparov"]
[Source "ChessBase"]
[SourceDate "1999.07.01"]
[SourceVersion "1"]
[SourceVersionDate "2005.01.01"]
[SourceQuality "1"]

1. d4 Nf6 2. c4 e6 3. Nf3 b6 4. Nc3 Bb7 5. a3 d5 6. cxd5 Nxd5 7. e3 Nxc3 8.
bxc3 Be7 9. Bb5+ c6 10. Bd3 c5 11. O-O Nc6 12. Bb2 Rc8 13. Qe2 O-O 14. Rad1 Qc7
15. c4 $1 cxd4 16. exd4 Na5 17. d5 $1 exd5 18. cxd5 Bxd5 19. Bxh7+ Kxh7 20.
Rxd5 Kg8 21. Bxg7 $3 Kxg7 22. Ne5 Rfd8 (22... f5 23. Rd3 Qc5 24. Nd7) (22...
Rh8 23. Qg4+ Kf8 24. Qf5 f6 25. Re1 Nc6 (25... Qc1 26. Rdd1 $18) 26. Nd7+ Kf7
27. Rxe7+ $18) (22... Qc2 23. Qg4+ Kh7 24. Rd3 Rc3 25. Qf5+ Kg8 26. Rg3+ $18)
23. Qg4+ Kf8 24. Qf5 f6 25. Nd7+ (25. Ng6+ Ke8 $2 (25... Kg7 26. Nf4 Rxd5 27.
Nxd5 (27. Qg6+ Kh8 28. Ne6 Rg5) 27... Qc5 28. Nxe7) 26. Qh5 Rxd5 27. Ne5+ $18)
25... Rxd7 26. Rxd7 Qc5 27. Qh7 (27. Qh3 {>=}) 27... Rc7 28. Qh8+ $1 (28. Rd3
$2 Qxf2+ $3 29. Kxf2 (29. Rxf2 Rc1+) 29... Bc5+ 30. Kg3 Rxh7 $10) 28... Kf7 29.
Rd3 Nc4 30. Rfd1 $1 Ne5 $2 (30... Bd6 31. Rd5 Qxa3 32. Rxd6) 31. Qh7+ Ke6 32.
Qg8+ Kf5 33. g4+ Kf4 34. Rd4+ Kf3 35. Qb3+ 1-0

[Event "Vidmar Memorial-05"]
[Site "Bled/ Portoroz"]
[Date "1979.06.12"]
[Round "9"]
[White "Marjanovic, Slavoljub"]
[Black "Timman, Jan H"]
[Result "0-1"]
[WhiteElo "2505"]
[BlackElo "2625"]
[Annotator "ChessBase"]
[PlyCount "82"]
[EventDate "1979.06.02"]
[EventType "tourn"]
[EventRounds "15"]
[EventCountry "SLO"]
[EventCategory "12"]
[SourceTitle "MCL"]
[Source "ChessBase"]
[SourceDate "1999.07.01"]
[SourceVersion "1"]
[SourceVersionDate "1999.07.01"]
[SourceQuality "1"]

1. d4 Nf6 2. c4 e6 3. Nf3 b6 4. a3 c5 5. d5 Ba6 6. Qc2 exd5 7. cxd5 g6 8. Nc3
d6 (8... Bg7 $5) 9. g3 (9. Qa4+ $10 Qd7 10. Qh4 Bg7 11. Bg5 Qe7 12. Qa4+ Qd7
13. Qh4 $10) 9... Bg7 10. Bg2 O-O 11. a4 $2 {><b4} (11. O-O $142 Re8 (11...
Nbd7 12. h3 Ne8 13. a4 Ne5 14. Nxe5 Bxe5 15. Re1 Bg7 16. e4 $14 {Timman,
J-Larsen,B/Las Palmas/1981/}) 12. Re1 (12. Bf4 Qe7 13. Rfe1 Nbd7 14. Rad1 Ne4
$1 15. Qa4 Bxc3 16. bxc3 Bb7 17. Rd3 f5 $132 {Yusupov,A-Timman,J (03)/Tilburg
m/1986/}) 12... Nbd7 13. h3 (13. Bf4 $6 Qe7 {/\Ne4} 14. e4 Ng4 15. Bg5 f6 16.
Bf4 Nge5 17. Nxe5 Nxe5 18. Rad1 Qd7 $15 {Kramnik,V-Timman,J/Linares/1993/})
13... b5 (13... Ne5 14. Nxe5 Rxe5 15. e4 Re8 16. Be3 Nd7 17. f4 c4 18. e5 $14 {
Yusupov,A-Timman,J (05)/Tilburg m/1986/} dxe5 19. d6 Rc8 20. f5 $1) 14. e4 Qb6
15. Bf4 Rac8 16. Qd2 c4 $13) 11... Bb7 {/\Na6-b4} 12. Nd2 Na6 13. O-O Nb4 14.
Qb3 Qe7 15. Rd1 Ba6 $17 16. h3 Nh5 {/\Bd4} 17. Bf3 Rae8 (17... Bd4 18. Kg2) 18.
Kg2 Nf6 19. Nb5 Bb7 (19... Nbxd5 20. Nc4) 20. e4 (20. Nc4 $5 Bxd5 21. Bxd5
Nbxd5 22. Ncxd6 Qe6 $1 {/\Nf4+} 23. Qf3 Rd8 24. e4 Nb4 $17) 20... a6 21. Nc3
Nd7 22. Nc4 f5 $1 (22... Ne5 23. Nxe5 Qxe5 24. Bf4 Qe7 $15) 23. Bf4 Ne5 24.
Bxe5 Bxe5 25. Nxb6 (25. Nxe5 $142 Qxe5 $17) 25... fxe4 26. Nxe4 Bxb2 $1 27.
Qxb2 (27. Nxd6 Rxf3 $19) 27... Rxf3 28. Re1 Ref8 (28... Nd3 $2 29. Nf6+ $18)
29. Re2 Nd3 $1 (29... Nxd5 30. Qa2 $1 Qf7 31. Nxd6 Nf4+ (31... Nc3 32. Nxf7
Nxa2 $10) 32. Kf1 $1 $16) 30. Qd2 Qe5 31. Rd1 (31. Rf1 $2 Bxd5 32. Nd7 Bxe4 $1
$19 33. Nxe5 Rxf2+ 34. Kg1 Rxf1+ 35. Kh2 Rh1#) (31. Nd7 $142 $1 {Huebner} Qxa1
(31... Rxf2+ 32. Nxf2 Qxd5+ 33. Ne4 $13) (31... Qxd5 $2 32. Nxf8 Rxf2+ 33. Rxf2
Qxe4+ 34. Kh2 $16) 32. Nxf8 Rxf8 33. Qxd3 Qe5 (33... Rf5 34. g4) 34. Nc3 Qd4
35. Qxd4 (35. Re3 Rf5 36. Kg1 $15) 35... cxd4 36. Ne4 Bxd5 37. f3 $15) 31...
Nxf2 $19 32. Nd7 Nxe4 33. Nxe5 Nxd2 34. Nxf3 Nxf3 35. Re7 Bc8 36. Rf1 Ne5 37.
g4 Rxf1 38. Kxf1 Bd7 39. a5 h6 40. h4 Kf8 41. Rh7 Nf7 0-1

[Event "Bugojno"]
[Site "Bugojno"]
[Date "1982.05.09"]
[Round "3"]
[White "Kasparov, Garry"]
[Black "Najdorf, Miguel"]
[Result "1-0"]
[WhiteElo "2640"]
[BlackElo "2510"]
[Annotator "ChessBase"]
[PlyCount "49"]
[EventDate "1982.05.07"]
[EventType "tourn"]
[EventRounds "13"]
[EventCountry "YUG"]
[EventCategory "14"]
[SourceTitle "Kasparov"]
[Source "ChessBase"]
[SourceDate "1999.07.01"]
[SourceVersion "1"]
[SourceVersionDate "2005.01.01"]
[SourceQuality "1"]

1. d4 Nf6 2. c4 e6 3. Nf3 b6 4. a3 Bb7 5. Nc3 d5 6. cxd5 Nxd5 7. e3 Be7 8. Bb5+
c6 9. Bd3 Nxc3 10. bxc3 c5 11. O-O Nc6 12. e4 O-O 13. Be3 cxd4 14. cxd4 Rc8 15.
Qe2 Na5 16. Rfe1 Qd6 17. d5 exd5 18. e5 Qe6 19. Nd4 Qxe5 20. Nf5 Bf6 21. Qg4
Rce8 22. Bd2 Qxa1 23. Rxa1 Bxa1 24. Nxg7 $1 Bxg7 (24... Bc8 25. Ne6+ Kh8 26.
Qf5 $18) 25. Bh6 1-0

[Event "Montreal International"]
[Site "Montreal"]
[Date "1979.04.16"]
[Round "5"]
[White "Portisch, Lajos"]
[Black "Karpov, Anatoly"]
[Result "1/2-1/2"]
[WhiteElo "2640"]
[BlackElo "2705"]
[Annotator "ChessBase"]
[PlyCount "33"]
[EventDate "1979.04.11"]
[EventType "tourn"]
[EventRounds "18"]
[EventCountry "CAN"]
[EventCategory "15"]
[SourceTitle "MCL"]
[Source "ChessBase"]
[SourceDate "1999.07.01"]
[SourceVersion "1"]
[SourceVersionDate "1999.07.01"]
[SourceQuality "1"]

1. d4 Nf6 2. c4 e6 3. Nf3 b6 4. Nc3 Bb7 5. a3 d5 6. cxd5 exd5 7. Bf4 Be7 (7...
Bd6 {Portisch,L-Tal,M/Montreal (06)/1979/}) 8. e3 O-O 9. Be2 c5 10. Ne5 Nc6 11.
O-O cxd4 12. exd4 a6 (12... Ne4 13. Nxc6 Bxc6 14. Rc1 Qd7 15. Ba6 Rad8 {
Farago,I-Matanovic,A/Wien/1986/}) 13. Rc1 Rc8 14. Na4 (14. Nxc6 $142 Rxc6 15.
Qb3 b5 16. Na2 $14 {Portisch,L-Spassky,B/London/1982/}) 14... Nxe5 15. Rxc8
Bxc8 16. Bxe5 Nd7 17. Bg3 1/2-1/2